000 01195nam0a22002891 4500
001 rc\4656607
005 20130416202847.1
021 _aRU
_b[66-68859]
035 _a(NLR Aleph) 008694685
090 _a9261049
_c9261049
100 _a20130416d1966 |||y0rusy50 ca
101 0 _arus
102 _aRU
105 _aa z |||||
200 1 _aЧистовая обработка поверхностей роликовым инструментом
_fПод ред. д-ра техн. наук проф. Е.Г. Коновалова
_gИн-т науч.-техн. информации и пропаганды при Госплане БССР
210 _aМинск
_cБ. и.
_d1966
215 _a66 с.
_cчерт.
_d20
320 _aБиблиогр. в конце книги (12 назв.)
606 _aДетали машин
_xОбкатка роликами
_2psbo
606 _aМеталлообработка чистовая
_2psbo
700 1 _aПарфиянович
_bВ. С.
_gВитольд Станиславович
702 1 _aКоновалов
_bЕ. Г.
_4340
801 0 _aRU
_bNLR
_gpsbo
801 1 _aRU
_bELAR
_2rusmarc
852 _aNLR
_j66-4/15435
942 _cBOOK
980 _aNB